000 00900cam a22002531 4500
001 he 68003261
003 DLC
005 20260227111505.0
008 881027s1967 is a 000 0 eng
010 _ahe 68003261
035 _a(OCoLC)18675440
040 _aDLC
_cTxHU
_dFU
_dDLC
042 _apremarc
050 0 0 _aDS126
_b.Y6
100 1 _aYoffe, Uri.
245 1 0 _aMi-Metsadah ʻad Ramot-Naftali :
_bsheloshah pirḳe Palmaḥ /
_cUre Yaeh ; rashmah ṿe-ʻibdah Galyah Yardeni.
260 _aYerushalaim :
_bha-Maḥlḳah le-hịnukh ule-tarbut ba-golah shel ha-histadrut ha-tsiyonit ha-ʻolamit,
_c1967.
300 _a114 p. :
_bill. ;
_c19 cm.
490 1 _aGesher : sifronim beʻ-Ivrit kalah ;
_v23-24.
500 _aAdded t.p.: From Metzada to Ramot-Naftaly, by Uri Yoffe as told to Galia Yardeni.
610 2 0 _aPalmaḥ.
700 1 _aYardeni, Galia.
830 0 _aGesher ;
_v23-24.
999 _c33838
_d33838